Blumen /
| Hlavní autor: | Lessing, Theodor, 1872-1933 |
|---|---|
| Jazyk: | Němčina |
| Vydáno: |
Berlin : Oesterheld & Co., 1928 |
| Fyzický popis: |
225 s. |
| LEADER | 00565nam a22001932a 4500 | ||
|---|---|---|---|
| 001 | 001086268 | ||
| 003 | CZ BrMZK | ||
| 005 | 20100618112123.0 | ||
| 007 | ta | ||
| 008 | 100210s1928 gw er|||||||||||ger d | ||
| 040 | |a BOA001 |b cze | ||
| 100 | 1 | |a Lessing, Theodor, |d 1872-1933 |7 jn20010525125 |4 aut | |
| 245 | 1 | 0 | |a Blumen / |c Theodor Lessing |
| 260 | |a Berlin : |b Oesterheld & Co., |c 1928 | ||
| 300 | |a 225 s. | ||
| 910 | |a BOA001 |b DEML-0645.706 | ||
| 990 | |a BK | ||
| 991 | |b 201002 | ||
| 996 | 6 | |b 2619535768 |c DEML-0645.706 |l MZK |r Sklad / do 24 hodin |n 2 |w 001109750 |u 000010 |a 1 |e BOA001 |j MZK50 |s P | |
English
Čeština 